The a.I.typhoon: (Record no. 160295)

MARC details
000 -LEADER
fixed length control field 00546nam a22001817a 4500
005 - DATE AND TIME OF LATEST TRANSACTION
control field 20190406145046.0
010 ## - LCCN (DPL NO)
LC control number ENG-124643
020 ## - INTERNATIONAL STANDARD BOOK NUMBER
International Standard Book Number 9789385509131
Terms of availability 499.00
035 ## - SYSTEM CONTROL NUMBER
System control number EN-108175
037 ## - SOURCE OF ACQUISITION
Source of stock number/acquisition DBAD/PUB
082 ## - DEWEY DECIMAL CLASSIFICATION NUMBER
Classification number 006.3
100 ## - MAIN ENTRY--PERSONAL NAME
Personal name Mukhi,Vijay
245 ## - TITLE STATEMENT
Title The a.I.typhoon:
Statement of responsibility, etc Vijay Mukhi
Remainder of title india's opportunity for job creation
Medium English
260 ## - PUBLICATION, DISTRIBUTION, ETC. (IMPRINT)
Place of publication, distribution, etc Mumbai
Name of publisher, distributor, etc Indus Source Books
Date of publication, distribution, etc 2018
270 ## - ADDRESS
Address PO Box 6194,Malabar Hills PO
City Mumbai
Postal code 400006
300 ## - PHYSICAL DESCRIPTION
Extent 161p.
Dimensions 24cm.(Hb)
942 ## - ADDED ENTRY ELEMENTS (KOHA)
Source of classification or shelving scheme Dewey Decimal Classification
Item type English Books
Call number suffix AIT
Classification part 006.3
Holdings
Withdrawn status Lost status Not for loan Collection code Home library Current library Date acquired Source of acquisition Cost, normal purchase price Full call number Barcode Copy number Cost, replacement price Koha item type
    Not For Loan Non-fiction D.B.Act.Division Ashok Vihar 24/01/2019 DBAD/PUB 499.00 006.3 AIT EN-108175 1 499.00 English Books

© Delhi Public Library
Hit Counter
free hit counter